00323nam a2200145Ia 4500008004100000041000800041100001100049245002500060260002800085300000900113520001200122520001500134650000900149999001900158230605s1987 xx 000 0 und d aeng aPotter aFood Science 3rd ed. bC.B.S.Publicationc1987 a780p aGeneral aHard Board aC.S. c419903d419903